Tate McRae - Chansons commençant par T - Statistiques

Statistiques générales
  • Ce quiz a été pris 11 fois
    5 depuis la dernière actualisation
  • Le résultat moyen est 3 sur 6
Statistiques - réponses
T % Correct
TIT FOR TAT
100%
That Way
67%
Think Later
67%
TRYING ON SHOES
67%
Teenage Mind
33%
Tear Myself Apart
0%
Aucun quiz correspondant
Distribution des résultats
% des personnes avec chaque résultat
Percentile par nombre de réponses
Votre historique - résultats
Vous n’avez pas pris ce quiz depuis la dernière actualisation